Desarrollo de un Sistema de gestión de bolsa de empleo utilizando web Scraping / (Registro nro. 5977)
[ vista simple ]
| 000 -LEADER | |
|---|---|
| fixed length control field | 02972nam a2200241 4500 |
| 001 - CONTROL NUMBER | |
| control field | 0000000518 |
| 005 - DATE AND TIME OF LATEST TRANSACTION | |
| control field | 20250329165509.0 |
| 008 - FIXED-LENGTH DATA ELEMENTS--GENERAL INFORMATION | |
| fixed length control field | 170718s2023 000 0 eng d |
| 040 ## - CATALOGING SOURCE | |
| Original cataloging agency | CO-CtgCURN |
| Language of cataloging | spa |
| Transcribing agency | coctgcurn |
| 082 0# - DEWEY DECIMAL CLASSIFICATION NUMBER | |
| Classification number | TSI 2023 |
| Item number | M562 |
| 100 1# - MAIN ENTRY--PERSONAL NAME | |
| Personal name | Meriño Torres, Daniel José. |
| 245 10 - TITLE STATEMENT | |
| Title | Desarrollo de un Sistema de gestión de bolsa de empleo utilizando web Scraping / |
| Statement of responsibility, etc. | Daniel José Meriño Torres; Edwin Enrique Bayuelo Bello; asesor: Luis Alfredo Blanquicett Benavides. |
| 260 ## - PUBLICATION, DISTRIBUTION, ETC. | |
| Place of publication, distribution, etc. | Cartagena de Indias : |
| Name of publisher, distributor, etc. | Corporación Universitaria Rafael Nuñez, |
| Date of publication, distribution, etc. | 2023. |
| 300 ## - PHYSICAL DESCRIPTION | |
| Extent | 49 hojas. |
| 504 ## - BIBLIOGRAPHY, ETC. NOTE | |
| Bibliography, etc. note | Trabajo de grado (Tecnologo en sistemas de información y software). Corporación Universitaria Rafael Nuñez. Facultad de ingenieria de sistema. Tecnologia en sistema de información y software, 2023. |
| 520 ## - SUMMARY, ETC. | |
| Summary, etc. | "El presente proyecto de grado se fundamenta en el desarrollo de un Sistema de Gestión de Bolsa de Empleo mediante la técnica de Web Scraping. Esta solución está diseñada para proporcionar a los usuarios la capacidad de explorar y acceder a oportunidades laborales desde una amplia variedad de portales de empleo líderes en el mercado. Este enfoque tecnológico no solo agiliza el proceso de búsqueda de empleo, sino que también garantiza la cobertura integral de las oportunidades disponibles en el panorama laboral. Con la implementación de este proyecto, se busca no solo mejorar la eficiencia en la búsqueda de empleo, sino también contribuir al desarrollo profesional de los usuarios al proporcionarles herramientas tecnológicas innovadoras y adaptativas. Este Sistema de Gestión de Bolsa de Empleo representa un paso hacia el futuro de la gestión laboral, fusionando la tecnología con la empleabilidad de manera integral y progresiva. No se limita a ser una solución práctica, es más una visión audaz del futuro de la gestión laboral. La fusión de la tecnología con la empleabilidad no es solo una integración superficial, sino un proceso integral y progresivo. Este sistema no solo se adapta a las necesidades actuales, sino que también está diseñado para evolucionar con las cambiantes demandas del mercado laboral. En este contexto, el proyecto se convierte en un catalizador de transformación. No solo busca mejorar la eficiencia y la efectividad en la búsqueda de empleo, sino que también tiene como objetivo empoderar a los usuarios con las herramientas necesarias para enfrentar los desafíos laborales modernos" |
| 650 #0 - SUBJECT ADDED ENTRY--TOPICAL TERM | |
| Topical term or geographic name entry element | Sistemas de información y software |
| General subdivision | Tesis y disertaciones academicas. |
| 700 1# - ADDED ENTRY--PERSONAL NAME | |
| Personal name | Bayuelo Bello, Edwin Enrique. |
| 700 1# - ADDED ENTRY--PERSONAL NAME | |
| Personal name | Blanquicett Benavides, Luis Alfredo, |
| Relator term | asesor. |
| 856 ## - ELECTRONIC LOCATION AND ACCESS | |
| Uniform Resource Identifier | <a href="https://unicurn.sharepoint.com/:w:/s/biblioteca/EVC7GgCfv6NFkaGXuQHV-BcBriayaYSdscBvtFWDfwIw_A?e=o0rLSl">https://unicurn.sharepoint.com/:w:/s/biblioteca/EVC7GgCfv6NFkaGXuQHV-BcBriayaYSdscBvtFWDfwIw_A?e=o0rLSl</a> |
| Public note | Click aqui para ver el recurso en texto completo |
| 942 ## - ADDED ENTRY ELEMENTS (KOHA) | |
| Classification part | TSI 2023 |
| Item part | M562 |
| Source of classification or shelving scheme | Dewey Decimal Classification |
| Koha item type | Trabajos de grado |
| Withdrawn status | Lost status | Damaged status | Not for loan | Collection | Home library | Current library | Shelving location | Date acquired | Cost, normal purchase price | Inventory number | Total checkouts | Full call number | Barcode | Date last seen | Price effective from | Koha item type |
|---|---|---|---|---|---|---|---|---|---|---|---|---|---|---|---|---|
| Trabajos de grado | Miguel Henríquez Castañeda | Miguel Henríquez Castañeda | Trabajo de grado | 09/23/2018 | 35000.00 | 020020 | TSI 2023 M562 | 020020 | 03/29/2025 | 03/29/2025 | Trabajos de grado |